Normal view
MARC view
- الفنون-الفن-الفنون الزخرفية اليمنية في العصر الاسلامي
Entry Topical Term
001 - CONTROL NUMBER
- control field: 10577
003 - CONTROL NUMBER IDENTIFIER
- control field: JO-AjAnu
005 - DATE AND TIME OF LATEST TRANSACTION
- control field: 20230606072010.0
008 - FIXED-LENGTH DATA ELEMENTS
- fixed length control field: 230606|| aca||aabn | a|a d
040 ## - CATALOGING SOURCE
- Original cataloging agency: JO-AjAnu
- Transcribing agency: JO-AjAnu
150 ## - HEADING--TOPICAL TERM
- Topical term or geographic name entry element: الفنون-الفن-الفنون الزخرفية اليمنية في العصر الاسلامي
670 ## - SOURCE DATA FOUND
- Source citation: Work cat.: (JO-AjAnu)5443: حامد خليفة,ربيع تأليف, author 10576, الفنون الزخرفية اليمنية في العصر الإسلامي